[Event "New Players World Tournament"]
[Site "SchemingMind.com"]
[Date "2009.12.17"]
[Round "-"]
[White "Antares"]
[Black "NAZRIZ1977"]
[Result "1-0"]
[WhiteCountry "GER"]
[BlackCountry "WLS"]
[WhiteElo "1747"]
[WhiteRD "255"]
[BlackElo "1936"]
[BlackRD "96"]
[GameID "231505"]

1. d4 d5 2. e3 Nf6 3. c4 dxc4 4. Bxc4 c5 5. Nc3 e6 6. Nf3 a6 7. e4 b5 8. Bd3 Bb7 9. e5 cxd4 10. Nxd4 Nd5
11. O-O Bc5 12. Nb3 Bb6 13. Ne4 O-O 14. Qh5 g6 15. Qh3 Nd7 16. Ng5 h5 17. Qg3 Kg7 18. Nxe6+
1-0

[Event "New Players World Tournament"]
[Site "SchemingMind.com"]
[Date "2009.12.17"]
[Round "-"]
[White "NAZRIZ1977"]
[Black "Antares"]
[Result "0-1"]
[WhiteCountry "WLS"]
[BlackCountry "GER"]
[WhiteElo "1840"]
[WhiteRD "62"]
[BlackElo "2001"]
[BlackRD "168"]
[GameID "231508"]

1. c4 e6 2. g3 d5 3. Bg2 Nf6 4. Nf3 c6 5. O-O Nbd7 6. Qc2 Be7 7. b3 e5 8. Bb2 e4 9. Nd4 O-O 10. cxd5 cxd5
11. Nc3 Ne5 12. d3 exd3 13. exd3 Bg4 14. Rfe1 Bc5 15. Na4 Bxd4 16. Bxd4 Nf3+ 17. Bxf3 Bxf3 18. Re3 Bg4 19. Rae1 Re8 20. Bxf6 Rxe3
21. Bxd8 Rxe1+ 22. Kg2 Rxd8 23. h3 Bf5 24. Qc7 Ree8 25. d4 Rc8 26. Qxb7 Be4+ 27. Kh2 Rc1 28. g4 g5 29. f3 Bxf3 30. Kg3 Bh1
31. Qa6 Rc2 32. Qd3 Rg2+
0-1

[Event "New Players World Tournament"]
[Site "SchemingMind.com"]
[Date "2010.01.08"]
[Round "-"]
[White "ptffp"]
[Black "Antares"]
[Result "0-1"]
[WhiteCountry "GBR"]
[BlackCountry "GER"]
[WhiteElo "1338"]
[WhiteRD "292"]
[BlackElo "1747"]
[BlackRD "255"]
[GameID "234117"]

1. e4 e6 2. d4 d5 3. Nc3 Bb4 4. a3 Bxc3+ 5. bxc3 dxe4 6. f3 Nf6 7. Bg5 e3 8. Bd3 c5 9. Ne2 cxd4 10. cxd4 Qa5+
0-1

[Event "New Players World Tournament"]
[Site "SchemingMind.com"]
[Date "2010.01.08"]
[Round "-"]
[White "ptffp"]
[Black "NAZRIZ1977"]
[Result "0-1"]
[WhiteCountry "GBR"]
[BlackCountry "WLS"]
[WhiteElo "1729"]
[WhiteRD "235"]
[BlackElo "1905"]
[BlackRD "72"]
[GameID "234118"]

1. e4 c6 2. d4 d5 3. exd5 cxd5 4. c4 Nf6 5. Nc3 Nc6 6. Bg5 e6 7. c5 Be7 8. Bb5 O-O 9. Nf3 Ne4 10. Nxe4 dxe4
11. Bxe7 Nxe7 12. Ng5 Qa5+
0-1

[Event "New Players World Tournament"]
[Site "SchemingMind.com"]
[Date "2010.01.08"]
[Round "-"]
[White "Antares"]
[Black "ptffp"]
[Result "1-0"]
[WhiteCountry "GER"]
[BlackCountry "GBR"]
[WhiteElo "2027"]
[WhiteRD "163"]
[BlackElo "1254"]
[BlackRD "126"]
[GameID "234121"]

1. d4 d5 2. e3 Nf6 3. c4 c6 4. Nc3 Bg4 5. f3 Bf5 6. cxd5 Nxd5 7. e4 Nxc3 8. bxc3 Bd7 9. Bc4 e6 10. Ne2 Be7
11. Rb1 b5 12. Bd3 a5 13. O-O b4 14. Bd2 c5 15. Qe1
1-0

[Event "New Players World Tournament"]
[Site "SchemingMind.com"]
[Date "2010.01.08"]
[Round "-"]
[White "NAZRIZ1977"]
[Black "ptffp"]
[Result "1-0"]
[WhiteCountry "WLS"]
[BlackCountry "GBR"]
[WhiteElo "1805"]
[WhiteRD "56"]
[BlackElo "1254"]
[BlackRD "126"]
[GameID "234122"]

1. c4 e5 2. Nc3 Nf6 3. g3 d5 4. cxd5 Nxd5 5. Bg2 Nb6 6. Nf3 Nc6 7. O-O Be7 8. d3 O-O 9. a3 Be6 10. b4 a5
11. b5 Nd4 12. Nxe5 Bf6 13. f4 Nb3 14. Rb1 Qd4+ 15. e3
1-0

[Event "New Players World Tournament"]
[Site "SchemingMind.com"]
[Date "2010.01.10"]
[Round "-"]
[White "badpawn"]
[Black "Antares"]
[Result "0-1"]
[WhiteCountry "SWE"]
[BlackCountry "GER"]
[WhiteElo "1110"]
[WhiteRD "131"]
[BlackElo "2001"]
[BlackRD "168"]
[GameID "234602"]

1. d4 e6 2. c4 d5 3. Nc3 Nf6 4. Nf3 c6 5. e3 a6 6. Ne5 Be7 7. Bd3 dxc4 8. Bxc4 b5 9. Bd3 Bb7 10. O-O Nbd7
11. a3 c5 12. Nxd7 Nxd7 13. Be4 Qb6 14. d5 Nf6 15. Bf3 exd5 16. a4 Rd8 17. Qc2 O-O 18. axb5 axb5 19. Ne2 d4 20. exd4 cxd4
0-1

[Event "New Players World Tournament"]
[Site "SchemingMind.com"]
[Date "2010.01.10"]
[Round "-"]
[White "badpawn"]
[Black "NAZRIZ1977"]
[Result "1-0"]
[WhiteCountry "SWE"]
[BlackCountry "WLS"]
[WhiteElo "1362"]
[WhiteRD "200"]
[BlackElo "1905"]
[BlackRD "72"]
[GameID "234603"]

1. d4 d5 2. c4 dxc4 3. Nf3 Nf6 4. Qa4+ Nc6 5. Qxc4 Nd7 6. e4 e5 7. Be3 Nb6 8. Qb3 exd4 9. Bf4 Bb4+ 10. Bd2 Be6
11. Qc2 O-O 12. Bd3 Re8 13. a3 Bxd2+ 14. Nbxd2 Qf6 15. O-O Rad8 16. Rfe1 h5 17. e5 Qh6 18. Ne4 h4 19. Neg5 Bd5 20. e6 Bxe6
21. Bh7+ Kf8 22. Qc5+ Re7 23. Bf5 Nd7 24. Qc2 Bxf5 25. Qxf5 Rde8 26. Re4 Rxe4 27. Qxf7#
1-0

[Event "New Players World Tournament"]
[Site "SchemingMind.com"]
[Date "2010.01.10"]
[Round "-"]
[White "badpawn"]
[Black "ptffp"]
[Result "1-0"]
[WhiteCountry "SWE"]
[BlackCountry "GBR"]
[WhiteElo "1183"]
[WhiteRD "134"]
[BlackElo "1254"]
[BlackRD "126"]
[GameID "234604"]

1. d4 d5 2. c4 dxc4 3. Nf3 Nf6 4. e3 e6 5. Bxc4 c5 6. O-O a6 7. a4 Nc6 8. Nc3 Be7 9. Re1 cxd4 10. exd4 Nb4
11. Bb3 O-O 12. Be3 a5 13. Rc1 b6 14. Nb5
1-0

[Event "New Players World Tournament"]
[Site "SchemingMind.com"]
[Date "2010.01.10"]
[Round "-"]
[White "Antares"]
[Black "badpawn"]
[Result "1-0"]
[WhiteCountry "GER"]
[BlackCountry "SWE"]
[WhiteElo "2001"]
[WhiteRD "168"]
[BlackElo "1110"]
[BlackRD "131"]
[GameID "234607"]

1. d4 d5 2. e3 Nf6 3. c4 e6 4. Nc3 c6 5. Bd2 Bb4 6. Rc1 O-O 7. cxd5 exd5 8. Bd3 Bg4 9. Qb3 Bxc3 10. Bxc3 Qb6
11. Qxb6 axb6 12. f3 Bh5 13. a3 Bg6 14. Be2 Nbd7 15. Nh3 Rfe8 16. Kf2 c5 17. Nf4 c4 18. g4 h6 19. h4 Re7 20. g5
1-0

[Event "New Players World Tournament"]
[Site "SchemingMind.com"]
[Date "2010.01.10"]
[Round "-"]
[White "NAZRIZ1977"]
[Black "badpawn"]
[Result "1-0"]
[WhiteCountry "WLS"]
[BlackCountry "SWE"]
[WhiteElo "1840"]
[WhiteRD "62"]
[BlackElo "1110"]
[BlackRD "131"]
[GameID "234608"]

1. c4 e5 2. Nc3 Nf6 3. g3 c6 4. Nf3 e4 5. Nd4 Bc5 6. Nc2 d5 7. cxd5 cxd5 8. Bg2 O-O 9. O-O Nbd7 10. d3 exd3
11. Qxd3 Nb6 12. Bg5 Be6 13. Rfd1 Bxf2+ 14. Kh1 Bc5 15. e4 h6 16. Bxf6 Qxf6 17. exd5 Rad8 18. Ne4 Qe7 19. Nxc5 Bxd5 20. Qb5 Bc4
21. Qb4 Qe2 22. Nd4 Qf2 23. Ndb3 Rxd1+ 24. Rxd1 Nd5 25. Qd2 Qxd2 26. Rxd2 Ne3 27. Bxb7 Re8 28. h3 Nf5 29. Kg2 Re1 30. Be4 g6
31. Bxf5
1-0

[Event "New Players World Tournament"]
[Site "SchemingMind.com"]
[Date "2010.01.10"]
[Round "-"]
[White "ptffp"]
[Black "badpawn"]
[Result "1-0"]
[WhiteCountry "GBR"]
[BlackCountry "SWE"]
[WhiteElo "1729"]
[WhiteRD "235"]
[BlackElo "1362"]
[BlackRD "200"]
[GameID "234609"]

1. e4 d5 2. exd5 Qxd5 3. Nc3 Qa5 4. d4 Nf6 5. Nf3 c6 6. Bc4 g6 7. Ng5 e6 8. Bd2 Qc7 9. Qf3 Bg7 10. Bf4 Qd8
11. O-O-O Qa5 12. Be5 Qd8 13. Nce4 Nbd7 14. Nd6+ Kf8 15. Ndxf7
1-0

[Event "New Players World Tournament"]
[Site "SchemingMind.com"]
[Date "2010.01.18"]
[Round "-"]
[White "Biagio"]
[Black "Antares"]
[Result "1/2-1/2"]
[WhiteCountry "ITA"]
[BlackCountry "GER"]
[WhiteElo "1815"]
[WhiteRD "120"]
[BlackElo "1964"]
[BlackRD "149"]
[GameID "235335"]

1. e4 e6 2. d4 d5 3. Nc3 Bb4 4. e5 Qd7 5. Nf3 Bxc3+ 6. bxc3 b6 7. c4 Ba6 8. cxd5 Qxd5 9. Bxa6 Qa5+ 10. Bd2 Qxa6
11. Qe2 Qxe2+ 12. Kxe2 Nc6 13. c4 Nge7 14. Rad1 O-O-O 15. Bc3 Rd7 16. Rd3 Rhd8 17. Rhd1 h6 18. g4 a5 19. Ne1 Nb4 20. Bxb4 axb4
21. Nc2 c5 22. dxc5 bxc5 23. f4 Nc6 24. Rxd7 Rxd7 25. Rxd7= Kxd7 26. Kd3 g5 27. Ke4 Na5 28. Ne3 b3 29. axb3= Nxb3 30. Kf3 Nd2+=
1/2-1/2

[Event "New Players World Tournament"]
[Site "SchemingMind.com"]
[Date "2010.01.17"]
[Round "-"]
[White "Biagio"]
[Black "NAZRIZ1977"]
[Result "0-1"]
[WhiteCountry "ITA"]
[BlackCountry "WLS"]
[WhiteElo "1611"]
[WhiteRD "207"]
[BlackElo "1905"]
[BlackRD "72"]
[GameID "235336"]

1. e4 c6 2. d4 d5 3. exd5 cxd5 4. c4 Nf6 5. Nc3 Nc6 6. Nf3 Bg4 7. cxd5 Nxd5 8. Qb3 Bxf3 9. gxf3 Nb6 10. Be3 e6
11. O-O-O Be7 12. d5 exd5 13. Nxd5 Nxd5 14. Rxd5 Qc7 15. Kb1 O-O 16. f4 Nb4 17. Rd4 Rfd8 18. Bc4 Rxd4 19. Bxd4 Qxf4 20. Qc3 Qe4+
0-1

[Event "New Players World Tournament"]
[Site "SchemingMind.com"]
[Date "2010.01.18"]
[Round "-"]
[White "Biagio"]
[Black "ptffp"]
[Result "1-0"]
[WhiteCountry "ITA"]
[BlackCountry "GBR"]
[WhiteElo "1782"]
[WhiteRD "142"]
[BlackElo "1254"]
[BlackRD "126"]
[GameID "235337"]

1. e4 e5 2. Nf3 Nc6 3. Bc4 Nf6 4. d4 exd4 5. O-O Nxe4 6. Re1 d5 7. Bxd5 Qxd5 8. Nc3 Qh5 9. Nxe4 Be6 10. Nxd4 Qxd1
11. Rxd1 O-O-O 12. Be3
1-0

[Event "New Players World Tournament"]
[Site "SchemingMind.com"]
[Date "2010.01.18"]
[Round "-"]
[White "Biagio"]
[Black "badpawn"]
[Result "1-0"]
[WhiteCountry "ITA"]
[BlackCountry "SWE"]
[WhiteElo "1611"]
[WhiteRD "207"]
[BlackElo "1362"]
[BlackRD "200"]
[GameID "235338"]

1. e4 d5 2. exd5 Qxd5 3. Nc3 Qa5 4. d4 Nf6 5. Nf3 Bf5 6. Bc4 Nbd7 7. O-O O-O-O 8. Bxf7 e5 9. Qe2 Bd6 10. Bd2 Bg4
11. d5 Rhf8 12. Be6 Qb6 13. Bxg4 h5 14. Bxd7+ Nxd7 15. Qb5 Qxb5 16. Nxb5 Kb8 17. Ng5 Rc8 18. Ne6 Rf7 19. Rac1 a6 20. Nxd6 cxd6
21. c4
1-0

[Event "New Players World Tournament"]
[Site "SchemingMind.com"]
[Date "2010.01.18"]
[Round "-"]
[White "Antares"]
[Black "Biagio"]
[Result "1/2-1/2"]
[WhiteCountry "GER"]
[BlackCountry "ITA"]
[WhiteElo "1964"]
[WhiteRD "149"]
[BlackElo "1815"]
[BlackRD "120"]
[GameID "235341"]

1. d4 Nf6 2. e3 d5 3. c4 e6 4. Nc3 c5 5. Nf3 Nc6 6. a3 a6 7. Bd3 dxc4 8. Bxc4 b5 9. Ba2 Bb7 10. O-O Be7
11. d5 exd5 12. Nxd5 Nxd5 13. Bxd5 O-O 14. e4 Qc7 15. Be3 Rad8 16. Ng5 Bxg5 17. Bxg5 Ne7 18. Qf3 Rd7 19. Bf4 Qc8 20. Bxb7 Qxb7
21. Rae1 Rfd8 22. Qg3 Ng6 23. Bc1 c4 24. h4 Rd3 25. f3 Qb6+ 26. Kh1 Qc5 27. e5 Re8 28. h5 Ne7=
1/2-1/2

[Event "New Players World Tournament"]
[Site "SchemingMind.com"]
[Date "2010.01.18"]
[Round "-"]
[White "NAZRIZ1977"]
[Black "Biagio"]
[Result "0-1"]
[WhiteCountry "WLS"]
[BlackCountry "ITA"]
[WhiteElo "1905"]
[WhiteRD "72"]
[BlackElo "1611"]
[BlackRD "207"]
[GameID "235342"]

1. c4 Nf6 2. g3 g6 3. Bg2 Bg7 4. Nf3 O-O 5. O-O c5 6. Nc3 Nc6 7. Rb1 d6 8. a3 a5 9. Ne1 Rb8 10. Nc2 Ne8
11. b4 axb4 12. axb4 cxb4 13. Nxb4 Bd7 14. Nbd5 Nc7 15. Nxc7 Qxc7 16. Nd5 Qd8 17. Bb2 Ne5 18. d3 Bc6 19. f4 Ng4 20. Bxg7 Kxg7
21. e4 f5 22. Qd2 b5 23. cxb5 Bxb5 24. Qc3+ Kg8 25. Rxb5 Rxb5 26. Nc7 Rc5 27. Qb3+ Rf7 28. Ne6 Qc8 29. Ng5 d5 30. Nxf7 Kxf7
31. exf5 Qxf5 32. Re1 Qf6 33. Bxd5+ Kg7 34. Re4 Rxd5 35. Qxd5 Qa1+ 36. Kg2 Qb2+ 37. Kh3 Nf2+ 38. Kh4 Nxe4 39. Qxe4 Qxh2+ 40. Kg4 Qh5#
0-1

[Event "New Players World Tournament"]
[Site "SchemingMind.com"]
[Date "2010.01.19"]
[Round "-"]
[White "ptffp"]
[Black "Biagio"]
[Result "0-1"]
[WhiteCountry "GBR"]
[BlackCountry "ITA"]
[WhiteElo "1254"]
[WhiteRD "126"]
[BlackElo "1782"]
[BlackRD "142"]
[GameID "235343"]

1. e4 d5 2. exd5 Nf6 3. d4 Bg4 4. Be2 Bxe2 5. Nxe2 Qxd5 6. O-O Nc6 7. c4 Qh5 8. Bf4 O-O-O 9. h3 e5 10. Be3 exd4
11. Nxd4 Nxd4
0-1

[Event "New Players World Tournament"]
[Site "SchemingMind.com"]
[Date "2010.01.18"]
[Round "-"]
[White "badpawn"]
[Black "Biagio"]
[Result "0-1"]
[WhiteCountry "SWE"]
[BlackCountry "ITA"]
[WhiteElo "1110"]
[WhiteRD "131"]
[BlackElo "1656"]
[BlackRD "164"]
[GameID "235344"]

1. d4 Nf6 2. c4 e6 3. Nc3 Bb4 4. Qc2 c5 5. e3 O-O 6. a3 Bxc3+ 7. bxc3 b6 8. Nf3 Bb7 9. Be2 d6 10. O-O Nbd7
11. Rd1 Qe7 12. Bb2 Ne4 13. Rab1 Ng5 14. Bc1 Nxf3+ 15. Bxf3 Bxf3 16. gxf3 f5 17. Kh1 Nf6 18. e4 fxe4 19. fxe4 Ng4 20. f4 Qh4
21. Rf1 cxd4 22. cxd4 Rac8 23. Rb4 d5 24. exd5 exd5 25. Qg2 dxc4 26. Rf3 Rfe8 27. Bd2 c3 28. Rxc3 Rxc3 29. Bxc3 Nf2+
0-1

[Event "New Players World Tournament"]
[Site "SchemingMind.com"]
[Date "2010.01.19"]
[Round "-"]
[White "Nate_Young"]
[Black "Antares"]
[Result "0-1"]
[WhiteCountry "AUS"]
[BlackCountry "GER"]
[WhiteElo "1902"]
[WhiteRD "81"]
[BlackElo "2077"]
[BlackRD "130"]
[GameID "235531"]

1. e4 e6 2. d4 d5 3. Nc3 Bb4 4. e5 Qd7 5. a3 Bxc3+ 6. bxc3 b6 7. Qg4 f5 8. Qg3 Ba6 9. Bxa6 Nxa6 10. Ne2 Kf7
11. a4 Ne7 12. O-O Nb8 13. h4 Nbc6 14. h5 Rag8 15. h6 Ng6 16. hxg7 Rxg7 17. Bh6 Rgg8 18. Qd3 Nh4 19. Nf4 Na5 20. g3 Qc6
21. Nh3 Qc4 22. Qe3 Rg4 23. Kh2 f4 24. Bxf4 Nf5 25. Qd2 Rg6 26. Bg5 h6 27. Bf6 Rhg8 28. Nf4 Rg4 29. Rfb1 c5 30. dxc5 Qxc5
31. Rb5 Qc6 32. Qd3 d4 33. Rg1 Rc8
0-1

[Event "New Players World Tournament"]
[Site "SchemingMind.com"]
[Date "2010.01.19"]
[Round "-"]
[White "Nate_Young"]
[Black "NAZRIZ1977"]
[Result "1-0"]
[WhiteCountry "AUS"]
[BlackCountry "WLS"]
[WhiteElo "2051"]
[WhiteRD "112"]
[BlackElo "1840"]
[BlackRD "62"]
[GameID "235532"]

1. e4 c6 2. d4 d5 3. e5 c5 4. dxc5 e6 5. Be3 Nh6 6. c3 Nd7 7. Bb5 a6 8. Ba4 Be7 9. Bxh6 gxh6 10. Nf3 Bxc5
11. Qe2 Rg8 12. O-O b5 13. Bc2 Bb7 14. Bxh7 Rg7 15. Bd3 Qc7 16. Nbd2 O-O-O 17. a4 Rdg8 18. g3 f6 19. axb5 Nxe5 20. bxa6 Ba8
21. Nd4 Nxd3 22. Qxd3 e5 23. Ne6 Qb6 24. Nxg7 e4 25. Nxe4 dxe4 26. Qc4 Rxg7 27. b4
1-0

[Event "New Players World Tournament"]
[Site "SchemingMind.com"]
[Date "2010.01.19"]
[Round "-"]
[White "Nate_Young"]
[Black "ptffp"]
[Result "1-0"]
[WhiteCountry "AUS"]
[BlackCountry "GBR"]
[WhiteElo "2108"]
[WhiteRD "103"]
[BlackElo "1254"]
[BlackRD "126"]
[GameID "235533"]

1. e4 e5 2. f4 exf4 3. Nf3 g5 4. Bc4 g4 5. Bxf7+ Kxf7 6. Ne5+ Ke8 7. Qxg4 Nf6 8. Qxf4 Bd6 9. O-O Rf8 10. d4 Nc6
11. Qg5 Nxd4 12. Ng4 Ne6 13. Nxf6+ Rxf6 14. Qxf6 Qxf6 15. Rxf6 Nd4 16. Na3
1-0

[Event "New Players World Tournament"]
[Site "SchemingMind.com"]
[Date "2010.01.19"]
[Round "-"]
[White "Nate_Young"]
[Black "badpawn"]
[Result "1-0"]
[WhiteCountry "AUS"]
[BlackCountry "SWE"]
[WhiteElo "2005"]
[WhiteRD "128"]
[BlackElo "1362"]
[BlackRD "200"]
[GameID "235534"]

1. e4 d5 2. exd5 Qxd5 3. Nc3 Qa5 4. d4 Nf6 5. Nf3 Bf5 6. Bc4 e6 7. Bd2 c6 8. Qe2 Nbd7 9. d5 cxd5 10. Nxd5 Qc5
11. b4 Qd6 12. Bf4 Qc6 13. Nc7+
1-0

[Event "New Players World Tournament"]
[Site "SchemingMind.com"]
[Date "2010.01.19"]
[Round "-"]
[White "Nate_Young"]
[Black "Biagio"]
[Result "1-0"]
[WhiteCountry "AUS"]
[BlackCountry "ITA"]
[WhiteElo "2005"]
[WhiteRD "128"]
[BlackElo "1611"]
[BlackRD "207"]
[GameID "235535"]

1. e4 d5 2. exd5 Nf6 3. d4 Bg4 4. f3 Bf5 5. Bb5+ Nbd7 6. c4 a6 7. Ba4 b5 8. cxb5 Nxd5 9. Ne2 e6 10. O-O Bd6
11. Nbc3 O-O 12. Nxd5 exd5 13. Bf4 Nb6 14. Bc2 Bxc2 15. Qxc2 axb5 16. Qc6 Qd7 17. Qxd7 Nxd7 18. Bxd6 cxd6 19. Nc3 Rab8 20. Nxd5 Nb6
21. Ne7+ Kh8 22. Rfe1 Rfe8 23. Nf5 Nc4 24. b3 g6 25. Rxe8+ Rxe8 26. bxc4
1-0

[Event "New Players World Tournament"]
[Site "SchemingMind.com"]
[Date "2010.01.20"]
[Round "-"]
[White "Antares"]
[Black "Nate_Young"]
[Result "1-0"]
[WhiteCountry "GER"]
[BlackCountry "AUS"]
[WhiteElo "2077"]
[WhiteRD "130"]
[BlackElo "1902"]
[BlackRD "81"]
[GameID "235538"]

1. d4 d5 2. e3 Nf6 3. c4 e6 4. Nc3 c5 5. a3 Nc6 6. Nf3 Be7 7. dxc5 Bxc5 8. b4 Bd6 9. cxd5 exd5 10. Nb5 Be7
11. Nbd4 O-O 12. Be2 Ne4 13. Bb2 a5 14. b5 Nxd4 15. Bxd4 a4 16. O-O Bd6 17. Bb2 Re8 18. Qd4 Nf6 19. Rfd1 Bf5 20. Qd2 Be4
21. Ng5 Bg6 22. Bxf6 Qxf6 23. Nf3 Be4 24. Nd4 h5 25. h3 Qe5 26. Bf3 Qh2+ 27. Kf1 h4 28. Rdc1 Re5 29. Ke2 Rg5 30. Rh1 Qe5
31. Rhg1 Re8 32. Bxe4 dxe4 33. Qc2
1-0

[Event "New Players World Tournament"]
[Site "SchemingMind.com"]
[Date "2010.01.20"]
[Round "-"]
[White "NAZRIZ1977"]
[Black "Nate_Young"]
[Result "0-1"]
[WhiteCountry "WLS"]
[BlackCountry "AUS"]
[WhiteElo "1905"]
[WhiteRD "72"]
[BlackElo "2005"]
[BlackRD "128"]
[GameID "235539"]

1. c4 Nf6 2. g3 e6 3. Bg2 d5 4. Nf3 Be7 5. b3 O-O 6. O-O c5 7. Bb2 Nc6 8. d3 d4 9. e4 e5 10. Nbd2 Bg4
11. h3 Bd7 12. a3 Qc8 13. Kh2 Ne8 14. g4 g6 15. Rg1 Ng7 16. Nf1 h5 17. Nxe5 Nxe5 18. f4 hxg4 19. fxe5 gxh3 20. Bf3 Qc7
21. Bg4 Qxe5+ 22. Ng3 f5 23. exf5 Nxf5 24. Bxf5 Rxf5 25. Qe1 Qxe1
0-1

[Event "New Players World Tournament"]
[Site "SchemingMind.com"]
[Date "2010.01.20"]
[Round "-"]
[White "ptffp"]
[Black "Nate_Young"]
[Result "0-1"]
[WhiteCountry "GBR"]
[BlackCountry "AUS"]
[WhiteElo "1254"]
[WhiteRD "126"]
[BlackElo "2108"]
[BlackRD "103"]
[GameID "235540"]

1. e4 e5 2. Nf3 Nc6 3. Bb5 a6 4. Ba4 Nf6 5. O-O Be7 6. Re1 b5 7. Bb3 O-O 8. a4 Bb7 9. d3 Re8 10. Nc3 b4
11. Ne2 d5 12. Ng3 Na5 13. Ba2 Bc5
0-1

[Event "New Players World Tournament"]
[Site "SchemingMind.com"]
[Date "2010.01.20"]
[Round "-"]
[White "badpawn"]
[Black "Nate_Young"]
[Result "0-1"]
[WhiteCountry "SWE"]
[BlackCountry "AUS"]
[WhiteElo "1362"]
[WhiteRD "200"]
[BlackElo "2005"]
[BlackRD "128"]
[GameID "235541"]

1. d4 d5 2. c4 e5 3. dxe5 d4 4. Nf3 Nc6 5. Nbd2 Nge7 6. g3 Ng6 7. Bg2 Ngxe5 8. O-O Be7 9. Nxe5 Nxe5 10. f4 Ng4
11. Ne4 O-O 12. h3 Nh6 13. e3 Nf5 14. exd4 Qxd4+ 15. Qxd4 Nxd4 16. Bd2 Be6 17. b3 Rad8 18. Be3 Nc2
0-1

[Event "New Players World Tournament"]
[Site "SchemingMind.com"]
[Date "2010.01.20"]
[Round "-"]
[White "Biagio"]
[Black "Nate_Young"]
[Result "0-1"]
[WhiteCountry "ITA"]
[BlackCountry "AUS"]
[WhiteElo "1611"]
[WhiteRD "207"]
[BlackElo "2005"]
[BlackRD "128"]
[GameID "235542"]

1. e4 e5 2. Nf3 Nc6 3. Bc4 Nf6 4. Ng5 d5 5. exd5 b5 6. Bxb5 Qxd5 7. Be2 Bb7 8. d3 Nd4 9. Nf3 Bc5 10. Nc3 Qc6
11. Be3 O-O 12. O-O Rfe8 13. a3 Rad8 14. Re1 Ng4 15. h3 Nxe3 16. fxe3 Nf5 17. Kh2 Bxe3 18. Ne4 Qg6 19. g4 Bxe4 20. gxf5 Bf4+
0-1

[Event "New Players World Tournament"]
[Site "SchemingMind.com"]
[Date "2010.01.27"]
[Round "-"]
[White "grantcooper"]
[Black "Antares"]
[Result "0-1"]
[WhiteCountry "GBR"]
[BlackCountry "GER"]
[WhiteElo "1421"]
[WhiteRD "171"]
[BlackElo "2001"]
[BlackRD "168"]
[GameID "236336"]

1. e4 e6 2. e5 d6 3. d4 dxe5 4. Nf3 exd4 5. Qxd4 Qxd4 6. Nxd4 a6 7. Bd3 e5 8. Nf3 Nc6 9. Be4 Nge7 10. O-O f5
11. Bxc6+ Nxc6 12. Nc3 Bd6 13. Re1 O-O 14. Be3 e4 15. Nd4 f4 16. Nxc6 fxe3 17. Nd4 exf2+ 18. Kf1 fxe1=Q+ 19. Kxe1 Bxh2 20. Rd1 Bg4
21. Rd2 Bg3+ 22. Rf2 Rxf2 23. Nde2 Rxe2+ 24. Kf1 Rf8+ 25. Kg1 Re1#
0-1

[Event "New Players World Tournament"]
[Site "SchemingMind.com"]
[Date "2010.01.28"]
[Round "-"]
[White "grantcooper"]
[Black "NAZRIZ1977"]
[Result "0-1"]
[WhiteCountry "GBR"]
[BlackCountry "WLS"]
[WhiteElo "1438"]
[WhiteRD "129"]
[BlackElo "1805"]
[BlackRD "56"]
[GameID "236337"]

1. e4 c6 2. d4 d5 3. e5 c5 4. Nc3 Nc6 5. Nf3 Bg4 6. dxc5 e6 7. Be3 d4 8. Bxd4 Bxf3 9. gxf3 Qxd4 10. Qxd4 Nxd4
11. O-O-O Nc6 12. Nb5 Rc8 13. Bg2 Bxc5 14. f4 Nh6 15. Rd2 Nf5 16. Rhd1 O-O 17. Rd7 Bxf2 18. Rxb7 Be3+ 19. Kb1 Bxf4 20. Nd6 Nxd6
21. exd6 Na5 22. Rxa7 Nc4 23. d7 Rcd8 24. Rd4 Nd2+ 25. Ka1 e5 26. Rd5 Nc4 27. b3 Ne3 28. Rd3 Nxg2 29. c4 e4 30. Rd4 Be5
0-1

[Event "New Players World Tournament"]
[Site "SchemingMind.com"]
[Date "2010.01.28"]
[Round "-"]
[White "grantcooper"]
[Black "badpawn"]
[Result "1-0"]
[WhiteCountry "GBR"]
[BlackCountry "SWE"]
[WhiteElo "1421"]
[WhiteRD "171"]
[BlackElo "1110"]
[BlackRD "131"]
[GameID "236339"]

1. d4 d5 2. c4 e6 3. Nf3 c6 4. Bf4 Nf6 5. Nc3 Bd6 6. Bxd6 Qxd6 7. c5 Qc7 8. e3 O-O 9. Bd3 Re8 10. O-O Nbd7
11. e4 dxe4 12. Bxe4 Nxe4 13. Nxe4 Nf8 14. Re1 Ng6 15. Nd6
1-0

[Event "New Players World Tournament"]
[Site "SchemingMind.com"]
[Date "2010.01.28"]
[Round "-"]
[White "grantcooper"]
[Black "Biagio"]
[Result "0-1"]
[WhiteCountry "GBR"]
[BlackCountry "ITA"]
[WhiteElo "1421"]
[WhiteRD "171"]
[BlackElo "1656"]
[BlackRD "164"]
[GameID "236340"]

1. e4 d5 2. exd5 Nf6 3. c4 c6 4. Nf3 cxd5 5. Nc3 d4 6. Nb5 Nc6 7. d3 e5 8. Bg5 Bb4+ 9. Bd2 a6 10. Bxb4 Nxb4
11. Nxe5 axb5 12. Qe2 O-O 13. g3 bxc4 14. dxc4 d3 15. Nxd3 Nxd3+ 16. Qxd3 Re8+ 17. Kd1 Bf5 18. Qxd8 Raxd8+ 19. Kc1 Re1#
0-1

[Event "New Players World Tournament"]
[Site "SchemingMind.com"]
[Date "2010.01.27"]
[Round "-"]
[White "grantcooper"]
[Black "Nate_Young"]
[Result "0-1"]
[WhiteCountry "GBR"]
[BlackCountry "AUS"]
[WhiteElo "1438"]
[WhiteRD "129"]
[BlackElo "2108"]
[BlackRD "103"]
[GameID "236341"]

1. d4 d5 2. c4 e6 3. Nc3 c5 4. cxd5 exd5 5. Nf3 Nf6 6. Bg5 Nc6 7. Bxf6 gxf6 8. e3 Be6 9. Rc1 c4 10. g3 Qb6
11. Rb1 Bf5 12. Rc1 Qxb2 13. Qd2 Ba3 14. Nxd5 Qxc1+ 15. Qxc1 Bxc1 16. Nc7+ Kd7 17. Nxa8 c3 18. Bc4 c2 19. Bb3 Ba3 20. Bxc2 Bxc2
21. Nb6+ axb6 22. O-O Bd3 23. Rd1 Be2 24. Rb1 Bxf3 25. Rxb6 Kc7 26. Rb5 Be7 27. a4 Ra8 28. Rf5 Be4 29. Rf4 f5 30. Kf1 Bg5
31. Rxe4 fxe4 32. d5 Nb4
0-1